000 00839nam a22002297a 4500
005 20230327052501.0
008 230327b |||||||| |||| 00| 0 eng d
020 _a0-439-27262-9
082 _aFic. Sn672w 2000
100 _aSnicket, Lemony
_eauthor
245 _aThe wide window /
_cLemony Snicket; illustrated by Brett Helquist
260 _aNew York:
_bScholastic,
_cc2000
300 _a214p.:
_bill.
490 _aUnfortunate events series; book 3
541 _e5525
650 _aBaudelaire, Klaus (Fictitious character) - Juvenile fiction
650 _aBaudelaire, Sunny (Fictitious character) - Juvenile fiction
650 _aBaudelaire, Violet (Fictitious character) - Juvenile fiction
650 _aOrphans - Juvenile fiction
650 _aBrothers and sisters - Juvenile fiction
700 _aHelquist, Brett
_eillustrator
999 _c1988
_d1988